| 000 | 01550nam a2200373 a 4500 | ||
|---|---|---|---|
| 001 | ebr10392156 | ||
| 003 | CaPaEBR | ||
| 006 | m u | ||
| 007 | cr cn||||||||| | ||
| 008 | 100107s2010 enk sb 001 0 eng | ||
| 010 | _z 2009052391 | ||
| 020 | _z9780566089404 (hbk. : alk. paper) | ||
| 020 | _z9780566089411 (e-book) | ||
| 040 |
_aCaPaEBR _cCaPaEBR |
||
| 035 | _a(OCoLC)649909010 | ||
| 050 | 1 | 4 |
_aHB801 _b.H554 2010eb |
| 082 | 0 | 4 |
_a338.5/21 _222 |
| 100 | 1 | _aHoeschele, Wolfgang. | |
| 245 | 1 | 4 |
_aThe economics of abundance _h[electronic resource] : _ba political economy of freedom, equity, and sustainability / _cWolfgang Hoeschele. |
| 260 |
_aFarnham [Surrey, England] ; _aBurlington, Vt. : _bGower, _cc2010. |
||
| 300 | _axiv, 244 p. | ||
| 490 | 1 | _aGower green economics and sustainable growth series | |
| 504 | _aIncludes bibliographical references and index. | ||
| 505 | 0 | _apt. 1. The production of scarcity -- pt. 2. Paths towards abundance. | |
| 533 |
_aElectronic reproduction. _bPalo Alto, Calif. : _cebrary, _d2011. _nAvailable via World Wide Web. _nAccess may be limited to ebrary affiliated libraries. |
||
| 650 | 0 | _aScarcity. | |
| 650 | 0 | _aSupply and demand. | |
| 650 | 0 | _aEnvironmental economics. | |
| 650 | 0 | _aSustainable development. | |
| 655 | 7 |
_aElectronic books. _2local |
|
| 710 | 2 | _aebrary, Inc. | |
| 830 | 0 | _aGreen economics and sustainable growth series. | |
| 856 | 4 | 0 |
_uhttp://site.ebrary.com/lib/rucke/Doc?id=10392156 _zAn electronic book accessible through the World Wide Web; click to view |
| 999 |
_c196218 _d196218 |
||